| 000 | 00380nam a22001577a 4500 | ||
|---|---|---|---|
| 003 | macl | ||
| 005 | 20240702145003.0 | ||
| 008 | 240702b |||||||| |||| 00| 0 eng d | ||
| 040 | _cmacl | ||
| 082 | _a080 | ||
| 100 |
_ajohan, david _982441 |
||
| 245 | _aGroup discussions for admissions & jobs | ||
| 260 |
_aNew delhi _bArihant |
||
| 650 |
_amotivaion _982442 |
||
| 942 |
_2ddc _cBK |
||
| 999 |
_c66940 _d66940 |
||